000 00615nam a22002177a 4500
003 OSt
005 20150414164820.0
008 150414b xxu||||| |||| 00| 0 eng d
020 _a0340613866
040 _cDNLM
082 _aWO 270 H91e 1996
100 _aAlan Aitkenhead
_93834
245 _aEssential Anaesthesia for medical students /
_cAlan Aitkenhead, Mark Heining, David Bogod
260 _aLondon :
_bArnold ;
_c1996.
300 _ax, 149 p:
_bill;
_c25 cm
504 _aIncludes index
650 _aAnaesthesia
_9333
700 _aHeining Mark
_93835
700 _aBogod David
_93836
942 _2z
_cSLOAN
999 _c1453
_d1453